| 000 | 01956nam a2200265 u 4500 | ||
|---|---|---|---|
| 001 | 000563845 | ||
| 003 | AM-YeHGA | ||
| 005 | 20250617140457.0 | ||
| 008 | 080116s1959 ai | |||||||||||||arm|d | ||
| 040 | _aAM-YeHGA | ||
| 041 | 0 | _aarm | |
| 110 | 2 | _aՀայկական ՍՍՌ ԳԱ Երկրաբանական ինստիտուտ | |
| 245 | 1 | 0 |
_aԶեկուցումների թեզիսները Հայկական ՍՍՌ բնական բուժիչ ռեսուրսների ուսումնասիրմանը և օգտագործմանը նվիրված ռեսպուբլիկական կոնֆերենցիայի / _cՀՍՍՌ Կուրորտն., սանատորիաների և հանգստի տների գլխ. վարչ. և ՀՍՍՌ առողջապահութ. մին. կուրորտոլոգ. և ֆիզ. մեթոդն. բուժ. ին-տ. |
| 246 | 1 | 1 | _aТезисы докладов республиканской конференции по изучению и использованию природных лечебных ресурсов Армянской ССР |
| 260 |
_aԵրևան : _bՀայկական ՍՍՌ ԳԱ հրատ., _c1959. |
||
| 300 |
_a130, 9 էջ ; _c22 սմ. |
||
| 500 | _aԳրքի վերջում՝ Приложение к тезисам докладов на республиканской конференции по изучению и использованию природных лечебных ресурсов Армянской ССР.- 9 էջ | ||
| 500 | _aՁեռագրի իրավունքով | ||
| 650 | 1 | 4 | _aՖիզիոթերապիա |
| 650 | 1 | 4 | _aԿուրորտոլոգիա |
| 710 | 2 | _aԿուրորտների, սանատորիաների և հանգստի տների գլխավոր վարչություն ՀՍՍՌ | |
| 710 | 2 | _aԱռողջապահության մինիստրություն ՀՍՍՌ | |
| 710 | 2 | _aԿուրորտոլոգիայի և ֆիզիկական մեթոդներով բուժման ինստիտուտ | |
| 090 | _c222092 | ||
| 999 |
_c220561 _d220561 |
||